000 00282nam a22001217a 4500
005 20251009124123.0
008 251009b |||||||| |||| 00| 0 eng d
040 _cPK-LaNCA
082 _a711.4
_bOSC
245 _aOscar Niemeyer: curves of irreverence
260 _a
942 _cBK
999 _c66943
_d66943